Land law / (Record no. 4723)

MARC details
000 -LEADER
fixed length control field 01143cam a22003498a 4500
001 - CONTROL NUMBER
control field 14035649
003 - CONTROL NUMBER IDENTIFIER
control field OSt
005 - DATE AND TIME OF LATEST TRANSACTION
control field 20150616121716.0
008 - FIXED-LENGTH DATA ELEMENTS--GENERAL INFORMATION
fixed length control field 050713s2006 enk b 001 0 eng
010 ## - LIBRARY OF CONGRESS CONTROL NUMBER
LC control number 2005051494
020 ## - INTERNATIONAL STANDARD BOOK NUMBER
International Standard Book Number 9781405858250
040 ## - CATALOGING SOURCE
Original cataloging agency DLC
Transcribing agency DLC
Modifying agency DLC
042 ## - AUTHENTICATION CODE
Authentication code pcc
043 ## - GEOGRAPHIC AREA CODE
Geographic area code e-uk-en
-- e-uk-wl
050 00 - LIBRARY OF CONGRESS CALL NUMBER
Classification number KD833
Item number .C47 2006
082 00 - DEWEY DECIMAL CLASSIFICATION NUMBER
Classification number 346.043 CHA
Edition number 22
100 1# - MAIN ENTRY--PERSONAL NAME
Personal name Chappelle, Diane.
9 (RLIN) 5561
245 10 - TITLE STATEMENT
Title Land law /
Statement of responsibility, etc Diane Chappelle.
250 ## - EDITION STATEMENT
Edition statement 8th ed.
260 ## - PUBLICATION, DISTRIBUTION, ETC. (IMPRINT)
Place of publication, distribution, etc Harlow, England ;
-- New York :
Name of publisher, distributor, etc Pearson Education ltd,
Date of publication, distribution, etc c2008.
263 ## - PROJECTED PUBLICATION DATE
Projected publication date 0508
300 ## - PHYSICAL DESCRIPTION
Extent p. cm.
440 #4 - SERIES STATEMENT/ADDED ENTRY--TITLE
Title The foundation studies in law series
9 (RLIN) 5562
504 ## - BIBLIOGRAPHY, ETC. NOTE
Bibliography, etc Includes bibliographical references and index.
650 #0 - SUBJECT ADDED ENTRY--TOPICAL TERM
Topical term or geographic name as entry element Land tenure
General subdivision Law and legislation
Geographic subdivision England.
9 (RLIN) 5563
650 #0 - SUBJECT ADDED ENTRY--TOPICAL TERM
Topical term or geographic name as entry element Land reform
General subdivision Law and legislation
Geographic subdivision England.
9 (RLIN) 5564
650 #0 - SUBJECT ADDED ENTRY--TOPICAL TERM
Topical term or geographic name as entry element Land tenure
General subdivision Law and legislation
Geographic subdivision Wales.
9 (RLIN) 5565
650 #0 - SUBJECT ADDED ENTRY--TOPICAL TERM
Topical term or geographic name as entry element Land reform
General subdivision Law and legislation
Geographic subdivision Wales.
9 (RLIN) 5566
906 ## - LOCAL DATA ELEMENT F, LDF (RLIN)
a 7
b cbc
c orignew
d 1
e ocip
f 20
g y-gencatlg
942 ## - ADDED ENTRY ELEMENTS (KOHA)
Source of classification or shelving scheme Dewey Decimal Classification
Koha item type Books
Holdings
Withdrawn status Lost status Source of classification or shelving scheme Damaged status Not for loan Home library Current library Shelving location Date acquired Total Checkouts Full call number Barcode Date last seen Price effective from Koha item type
    Dewey Decimal Classification     Law Development Centre Main Library Law Development Centre Main Library Text Books and Laws 09/20/2011   346.043 CHA 2011/3189 09/20/2011 09/20/2011 Books
    Dewey Decimal Classification     Law Development Centre Main Library Law Development Centre Main Library Text Books and Laws 09/20/2011   346.043 CHA 2011/3190 09/20/2011 09/20/2011 Books
    Dewey Decimal Classification     Law Development Centre Main Library Law Development Centre Main Library Text Books and Laws 09/20/2011   346.043 CHA 2011/3191 09/20/2011 09/20/2011 Books